00716 2200241 4500001002100000005001700021008004100038020002200079035002400101040001200125082001100137084001700148100001900165245012900184250001000313260004100323300002200364650002500386850001200411990001700423990001700440990001700457INLIS00000000000703320160825122702.0  a978-979-27-2787-6 0010-061500000001154 aYOPDYOG a152.52 a152.52 Sur S aSurbakti , E B aSudah Siapkah Menikah /bpanduan bagi siapa saja yang sedang dalam proses menentukan hal penting dalam hidupcSurbakti , E B aCet.1 aJakartabElex Media Komputindoc2008 a418 hlm.;c21 cm. aPsikologi fisiologis aYOPDYOG a1537-PK/B.08 a1540-PK/B.08 a1533-PK/B.08